[Event "45th FIDE Chess Olympiad Open"]
[Site "Budapest, Hungary"]
[Date "2024.09.22"]
[Round "11"]
[White "Petrov, Martin"]
[Black "Bluebaum, Matthias"]
[Result "1/2-1/2"]
[Board "27"]
[WhiteFideId "2911086"]
[BlackFideId "24651516"]
[WhiteTitle "GM"]
[BlackTitle "GM"]
[WhiteElo "2536"]
[BlackElo "2640"]
[WhiteTeam "Bulgaria"]
[BlackTeam "Germany"]
[WhiteClock "0:13:25"]
[BlackClock "0:17:17"]
[Variant "Standard"]

1. Nf3 {[%clk 1:30:51]}  d5 {[%clk 1:30:45]} 2. e3 {[%clk 1:31:15]}  c5 {[%clk 1:29:16]} 3. b3 {[%clk 1:31:40]}  a6 {[%clk 1:29:43]} 4. Bb2 {[%clk 1:30:57]}  Nc6 {[%clk 1:30:07]} 5. d4 {[%clk 1:31:23]}  Nf6 {[%clk 1:29:54]} 6. dxc5 {[%clk 1:24:12]}  e6 {[%clk 1:29:13]} 7. a3 {[%clk 1:24:41]}  Bxc5 {[%clk 1:29:13]} 8. c4 {[%clk 1:25:06]}  O-O {[%clk 1:27:07]} 9. b4 {[%clk 1:25:33]}  Ba7 {[%clk 1:26:24]} 10. Nbd2 {[%clk 1:22:12]}  Qe7 {[%clk 1:19:00]} 11. Qc2 {[%clk 1:14:30]}  Rd8 {[%clk 1:13:49]} 12. Rc1 {[%clk 1:02:32]}  d4 {[%clk 1:08:41]} 13. Nxd4 {[%clk 0:58:56]}  Nxd4 {[%clk 1:08:22]} 14. exd4 {[%clk 0:57:35]}  Bxd4 {[%clk 1:07:13]} 15. Bxd4 {[%clk 0:55:52]}  Rxd4 {[%clk 1:07:41]} 16. Nb3 {[%clk 0:50:24]}  Rd8 {[%clk 1:06:13]} 17. Be2 {[%clk 0:49:06]}  e5 {[%clk 1:05:00]} 18. O-O {[%clk 0:48:03]}  e4 {[%clk 1:04:02]} 19. Rfd1 {[%clk 0:40:00]}  Re8 {[%clk 0:55:58]} 20. Rd4 {[%clk 0:38:30]}  Qe5 {[%clk 0:50:56]} 21. Rcd1 {[%clk 0:32:35]}  Ng4 {[%clk 0:45:49]} 22. g3 {[%clk 0:31:53]}  Bf5 {[%clk 0:41:19]} 23. Qc1 {[%clk 0:26:46]}  e3 {[%clk 0:37:25]} 24. f3 {[%clk 0:26:48]}  Nf2 {[%clk 0:36:52]} 25. Rd5 {[%clk 0:27:14]}  Qf6 {[%clk 0:36:54]} 26. R1d4 {[%clk 0:25:43]}  h5 {[%clk 0:34:53]} 27. Nc5 {[%clk 0:22:56]}  Rab8 {[%clk 0:30:29]} 28. Nd7 {[%clk 0:21:50]}  Bxd7 {[%clk 0:29:20]} 29. Rxd7 {[%clk 0:22:19]}  b6 {[%clk 0:22:18]} 30. Kg2 {[%clk 0:21:46]}  Ne4 {[%clk 0:18:53]} 31. Qc2 {[%clk 0:20:52]}  Ng5 {[%clk 0:17:18]} 32. Rf4 {[%clk 0:19:36]}  Qa1 {[%clk 0:13:58]} 33. Qd1 {[%clk 0:11:55]}  Qxd1 {[%clk 0:09:25]} 34. Rxd1 {[%clk 0:12:24]}  g6 {[%clk 0:09:45]} 35. h4 {[%clk 0:10:27]}  Ne6 {[%clk 0:10:11]} 36. Re4 {[%clk 0:10:56]}  a5 {[%clk 0:07:15]} 37. Kf1 {[%clk 0:07:19]}  axb4 {[%clk 0:06:45]} 38. axb4 {[%clk 0:07:48]}  Ng7 {[%clk 0:07:06]} 39. Rxe8+ {[%clk 0:04:16]}  Rxe8 {[%clk 0:07:19]} 40. Kg2 {[%clk 0:00:51]}  Ra8 {[%clk 0:05:37]} 41. Rd3 {[%clk 0:24:51]}  Nf5 {[%clk 0:33:18]} 42. g4 {[%clk 0:25:15]}  Ra2 {[%clk 0:33:09]} 43. gxf5 {[%clk 0:25:41]}  Rxe2+ {[%clk 0:33:36]} 44. Kg3 {[%clk 0:24:52]}  gxf5 {[%clk 0:29:42]} 45. Kf4 {[%clk 0:25:18]}  Rb2 {[%clk 0:27:25]} 46. Rxe3 {[%clk 0:15:22]}  Rxb4 {[%clk 0:27:41]} 47. Kg5 {[%clk 0:15:04]}  Rxc4 {[%clk 0:25:59]} 48. Kxh5 {[%clk 0:15:05]}  b5 {[%clk 0:23:45]} 49. Re5 {[%clk 0:14:41]}  b4 {[%clk 0:22:50]} 50. Rxf5 {[%clk 0:14:11]}  Kg7 {[%clk 0:23:12]} 51. f4 {[%clk 0:13:10]}  b3 {[%clk 0:17:30]} 52. Rb5 {[%clk 0:13:25]}  Rxf4 {[%clk 0:17:17]} 1/2-1/2

[Event "45th FIDE Chess Olympiad Open"]
[Site "Budapest, Hungary"]
[Date "2024.09.22"]
[Round "11"]
[White "Svane, Frederik"]
[Black "Petkov, Momchil"]
[Result "1-0"]
[Board "28"]
[WhiteFideId "12923044"]
[BlackFideId "2921642"]
[WhiteTitle "GM"]
[BlackTitle "GM"]
[WhiteElo "2640"]
[BlackElo "2540"]
[WhiteTeam "Germany"]
[BlackTeam "Bulgaria"]
[WhiteClock "0:08:35"]
[BlackClock "0:06:33"]
[Variant "Standard"]

1. e4 {[%clk 1:30:57]}  c5 {[%clk 1:30:26]} 2. Nf3 {[%clk 1:31:21]}  d6 {[%clk 1:30:41]} 3. d4 {[%clk 1:31:46]}  cxd4 {[%clk 1:31:04]} 4. Nxd4 {[%clk 1:32:12]}  Nf6 {[%clk 1:31:24]} 5. Nc3 {[%clk 1:32:37]}  Nc6 {[%clk 1:31:44]} 6. Bg5 {[%clk 1:32:49]}  e6 {[%clk 1:31:47]} 7. Qd2 {[%clk 1:33:13]}  Be7 {[%clk 1:32:02]} 8. O-O-O {[%clk 1:33:09]}  a6 {[%clk 1:32:20]} 9. Bxf6 {[%clk 1:32:57]}  gxf6 {[%clk 1:32:32]} 10. f4 {[%clk 1:33:23]}  Nxd4 {[%clk 1:32:25]} 11. Qxd4 {[%clk 1:33:48]}  Qa5 {[%clk 1:32:44]} 12. Be2 {[%clk 1:34:12]}  Bd7 {[%clk 1:32:25]} 13. Bf3 {[%clk 1:34:32]}  Qc5 {[%clk 1:31:59]} 14. Qd2 {[%clk 1:34:53]}  O-O-O {[%clk 1:31:56]} 15. f5 {[%clk 1:30:48]}  h5 {[%clk 1:32:01]} 16. h4 {[%clk 1:29:08]}  Kb8 {[%clk 1:29:34]} 17. Kb1 {[%clk 1:28:23]}  Rc8 {[%clk 1:24:15]} 18. Rhe1 {[%clk 1:01:15]}  Rc7 {[%clk 1:21:44]} 19. Re3 {[%clk 0:56:18]}  Bf8 {[%clk 1:17:59]} 20. Ree1 {[%clk 0:44:00]}  Be7 {[%clk 1:17:21]} 21. Re3 {[%clk 0:37:27]}  Bf8 {[%clk 1:15:22]} 22. Ree1 {[%clk 0:36:07]}  Be7 {[%clk 1:14:25]} 23. a3 {[%clk 0:20:48]}  Qb6 {[%clk 1:06:20]} 24. Ka1 {[%clk 0:17:19]}  Qa5 {[%clk 1:02:38]} 25. Re3 {[%clk 0:14:00]}  Bf8 {[%clk 0:45:19]} 26. Qd4 {[%clk 0:11:08]}  Qe5 {[%clk 0:40:37]} 27. Red3 {[%clk 0:10:46]}  Qxd4 {[%clk 0:34:35]} 28. Rxd4 {[%clk 0:11:15]}  exf5 {[%clk 0:34:46]} 29. Kb1 {[%clk 0:09:34]}  fxe4 {[%clk 0:31:58]} 30. Nxe4 {[%clk 0:09:06]}  Bf5 {[%clk 0:29:50]} 31. c3 {[%clk 0:08:44]}  Be7 {[%clk 0:24:54]} 32. Kc1 {[%clk 0:06:09]}  Bxe4 {[%clk 0:18:57]} 33. Rxe4 {[%clk 0:06:13]}  f5 {[%clk 0:18:04]} 34. Rf4 {[%clk 0:06:36]}  Rc5 {[%clk 0:17:27]} 35. a4 {[%clk 0:06:19]}  a5 {[%clk 0:13:55]} 36. Rd5 {[%clk 0:05:21]}  Rxd5 {[%clk 0:09:03]} 37. Bxd5 {[%clk 0:05:47]}  Rh7 {[%clk 0:09:08]} 38. Kc2 {[%clk 0:06:13]}  Rg7 {[%clk 0:04:36]} 39. Bf3 {[%clk 0:06:35]}  Bd8 {[%clk 0:02:47]} 40. Kb3 {[%clk 0:05:23]}  d5 {[%clk 0:00:34]} 41. Bxd5 {[%clk 0:00:33]}  b6 {[%clk 0:12:27]} 42. Bf3 {[%clk 0:29:49]}  Kc7 {[%clk 0:12:13]} 43. Kc4 {[%clk 0:29:51]}  Kd6 {[%clk 0:11:55]} 44. Rd4+ {[%clk 0:22:54]}  Kc7 {[%clk 0:10:34]} 45. Kb5 {[%clk 0:20:31]}  Rg6 {[%clk 0:10:59]} 46. Rf4 {[%clk 0:18:18]}  Re6 {[%clk 0:08:05]} 47. Rxf5 {[%clk 0:17:07]}  Bxh4 {[%clk 0:07:49]} 48. Rxf7+ {[%clk 0:17:17]}  Re7 {[%clk 0:04:02]} 49. Rxe7+ {[%clk 0:08:45]}  Bxe7 {[%clk 0:04:27]} 50. Bxh5 {[%clk 0:09:12]}  Bf6 {[%clk 0:04:37]} 51. Bf3 {[%clk 0:09:35]}  Bg5 {[%clk 0:04:51]} 52. b4 {[%clk 0:09:19]}  axb4 {[%clk 0:05:16]} 53. cxb4 {[%clk 0:09:38]}  Bd2 {[%clk 0:05:42]} 54. g4 {[%clk 0:09:53]}  Be3 {[%clk 0:06:08]} 55. a5 {[%clk 0:08:13]}  bxa5 {[%clk 0:06:33]} 56. bxa5 {[%clk 0:08:35]} 1-0

[Event "45th FIDE Chess Olympiad Open"]
[Site "Budapest, Hungary"]
[Date "2024.09.22"]
[Round "11"]
[White "Mchedlishvili, Mikheil"]
[Black "Duda, Jan-Krzysztof"]
[Result "0-1"]
[Board "29"]
[WhiteFideId "13600966"]
[BlackFideId "1170546"]
[WhiteTitle "GM"]
[BlackTitle "GM"]
[WhiteElo "2574"]
[BlackElo "2732"]
[WhiteTeam "Georgia"]
[BlackTeam "Poland"]
[WhiteClock "0:02:27"]
[BlackClock "0:15:39"]
[Variant "Standard"]

1. d4 {[%clk 1:30:56]}  Nf6 {[%clk 1:30:56]} 2. c4 {[%clk 1:31:13]}  e6 {[%clk 1:31:21]} 3. Nf3 {[%clk 1:31:03]}  d5 {[%clk 1:31:41]} 4. Nc3 {[%clk 1:30:15]}  Be7 {[%clk 1:31:55]} 5. Bg5 {[%clk 1:28:53]}  Nbd7 {[%clk 1:31:49]} 6. e3 {[%clk 1:27:57]}  O-O {[%clk 1:31:55]} 7. Bd3 {[%clk 1:25:09]}  h6 {[%clk 1:29:16]} 8. Bh4 {[%clk 1:24:55]}  dxc4 {[%clk 1:29:19]} 9. Bxc4 {[%clk 1:25:17]}  c5 {[%clk 1:29:42]} 10. O-O {[%clk 1:24:46]}  a6 {[%clk 1:26:17]} 11. a4 {[%clk 1:23:26]}  cxd4 {[%clk 1:24:30]} 12. exd4 {[%clk 1:22:25]}  b6 {[%clk 1:22:04]} 13. Bg3 {[%clk 1:05:55]}  Bb7 {[%clk 1:20:49]} 14. d5 {[%clk 1:00:56]}  exd5 {[%clk 1:16:06]} 15. Nxd5 {[%clk 1:00:34]}  Nxd5 {[%clk 1:16:24]} 16. Bxd5 {[%clk 1:00:57]}  Bxd5 {[%clk 1:16:33]} 17. Qxd5 {[%clk 1:01:18]}  Nc5 {[%clk 1:15:49]} 18. Qxd8 {[%clk 0:54:48]}  Rfxd8 {[%clk 1:15:28]} 19. Bc7 {[%clk 0:52:40]}  Rd5 {[%clk 1:14:20]} 20. Bxb6 {[%clk 0:51:35]}  Rb8 {[%clk 1:14:43]} 21. a5 {[%clk 0:49:20]}  Nd7 {[%clk 1:14:18]} 22. Bd4 {[%clk 0:47:20]}  Bf6 {[%clk 1:14:19]} 23. Bc3 {[%clk 0:46:43]}  Rbb5 {[%clk 1:14:03]} 24. h3 {[%clk 0:39:39]}  Bxc3 {[%clk 1:07:52]} 25. bxc3 {[%clk 0:39:54]}  Rxa5 {[%clk 1:08:13]} 26. Rxa5 {[%clk 0:38:36]}  Rxa5 {[%clk 1:08:37]} 27. Rd1 {[%clk 0:38:14]}  Nc5 {[%clk 1:07:48]} 28. Ne5 {[%clk 0:33:41]}  Ne6 {[%clk 1:02:31]} 29. Nd7 {[%clk 0:27:50]}  Ra2 {[%clk 0:59:33]} 30. Rb1 {[%clk 0:26:51]}  f6 {[%clk 0:55:19]} 31. Nb6 {[%clk 0:08:53]}  Nf4 {[%clk 0:53:58]} 32. c4 {[%clk 0:07:59]}  Nd3 {[%clk 0:53:12]} 33. Nd5 {[%clk 0:06:46]}  a5 {[%clk 0:44:17]} 34. Rb7 {[%clk 0:06:25]}  a4 {[%clk 0:43:39]} 35. Ra7 {[%clk 0:03:34]}  h5 {[%clk 0:42:27]} 36. Nc3 {[%clk 0:02:06]}  Rc2 {[%clk 0:41:20]} 37. Nxa4 {[%clk 0:01:24]}  Rxc4 {[%clk 0:40:48]} 38. Nb6 {[%clk 0:01:11]}  Rc1+ {[%clk 0:40:09]} 39. Kh2 {[%clk 0:01:36]}  Nxf2 {[%clk 0:40:08]} 40. Ra4 {[%clk 0:01:05]}  Kf7 {[%clk 0:29:49]} 41. Nd5 {[%clk 0:28:32]}  g5 {[%clk 0:52:35]} 42. Ra2 {[%clk 0:22:39]}  Ne4 {[%clk 0:40:58]} 43. Re2 {[%clk 0:08:20]}  f5 {[%clk 0:40:46]} 44. g3 {[%clk 0:07:08]}  Ke6 {[%clk 0:36:09]} 45. Ne3 {[%clk 0:07:12]}  Ke5 {[%clk 0:31:53]} 46. Ng2 {[%clk 0:07:24]}  Rc3 {[%clk 0:24:38]} 47. Ne3 {[%clk 0:05:43]}  f4 {[%clk 0:16:24]} 48. gxf4+ {[%clk 0:05:59]}  gxf4 {[%clk 0:16:47]} 49. Nd1 {[%clk 0:06:03]}  Rf3 {[%clk 0:17:07]} 50. Kg2 {[%clk 0:04:52]}  Ra3 {[%clk 0:16:30]} 51. Kh2 {[%clk 0:04:09]}  f3 {[%clk 0:15:56]} 52. Rc2 {[%clk 0:03:55]}  Kf4 {[%clk 0:15:50]} 53. Nf2 {[%clk 0:02:03]}  Nxf2 {[%clk 0:15:19]} 54. Rxf2 {[%clk 0:02:27]}  Re3 {[%clk 0:15:39]} 0-1

[Event "45th FIDE Chess Olympiad Open"]
[Site "Budapest, Hungary"]
[Date "2024.09.22"]
[Round "11"]
[White "Wojtaszek, Radoslaw"]
[Black "Kacharava, Nikolozi"]
[Result "1/2-1/2"]
[Board "30"]
[WhiteFideId "1118358"]
[BlackFideId "13611860"]
[WhiteTitle "GM"]
[BlackTitle "GM"]
[WhiteElo "2681"]
[BlackElo "2511"]
[WhiteTeam "Poland"]
[BlackTeam "Georgia"]
[WhiteClock "0:03:32"]
[BlackClock "0:06:42"]
[Variant "Standard"]

1. d4 {[%clk 1:30:58]}  d5 {[%clk 1:30:50]} 2. c4 {[%clk 1:31:24]}  dxc4 {[%clk 1:30:51]} 3. e4 {[%clk 1:31:48]}  b5 {[%clk 1:30:40]} 4. a4 {[%clk 1:32:01]}  c6 {[%clk 1:30:53]} 5. Nc3 {[%clk 1:32:22]}  b4 {[%clk 1:30:35]} 6. Nb1 {[%clk 1:32:37]}  Ba6 {[%clk 1:29:04]} 7. Qc2 {[%clk 1:32:48]}  e5 {[%clk 1:28:38]} 8. Nf3 {[%clk 1:29:09]}  b3 {[%clk 1:28:49]} 9. Qc3 {[%clk 1:29:01]}  Nf6 {[%clk 1:28:35]} 10. Nbd2 {[%clk 1:28:35]}  exd4 {[%clk 1:10:12]} 11. Nxd4 {[%clk 1:28:58]}  Qb6 {[%clk 1:07:44]} 12. Bxc4 {[%clk 0:49:56]}  Bb4 {[%clk 1:04:00]} 13. Qxb3 {[%clk 0:49:41]}  O-O {[%clk 0:47:36]} 14. Nc2 {[%clk 0:49:01]}  Bxd2+ {[%clk 0:44:48]} 15. Bxd2 {[%clk 0:49:27]}  Nxe4 {[%clk 0:44:38]} 16. Qxb6 {[%clk 0:44:59]}  axb6 {[%clk 0:45:02]} 17. Bxa6 {[%clk 0:45:25]}  Nxa6 {[%clk 0:43:09]} 18. b4 {[%clk 0:34:32]}  c5 {[%clk 0:35:38]} 19. b5 {[%clk 0:32:51]}  Nc7 {[%clk 0:35:19]} 20. f3 {[%clk 0:31:30]}  Nxd2 {[%clk 0:32:45]} 21. Kxd2 {[%clk 0:31:58]}  Ra7 {[%clk 0:31:11]} 22. Kc3 {[%clk 0:31:35]}  Rfa8 {[%clk 0:31:13]} 23. Kb3 {[%clk 0:32:02]}  Kf8 {[%clk 0:30:33]} 24. Rhd1 {[%clk 0:30:13]}  Ra5 {[%clk 0:06:58]} 25. Rd6 {[%clk 0:29:55]}  Nxb5 {[%clk 0:05:36]} 26. axb5 {[%clk 0:30:21]}  Rxb5+ {[%clk 0:05:22]} 27. Kc4 {[%clk 0:25:35]}  Rxa1 {[%clk 0:05:50]} 28. Kxb5 {[%clk 0:25:59]}  Ra2 {[%clk 0:05:49]} 29. Ne3 {[%clk 0:24:32]}  Rb2+ {[%clk 0:06:12]} 30. Kc4 {[%clk 0:23:44]}  g6 {[%clk 0:06:09]} 31. Kc3 {[%clk 0:21:09]}  Re2 {[%clk 0:05:49]} 32. Kd3 {[%clk 0:21:30]}  Rb2 {[%clk 0:06:16]} 33. Rc6 {[%clk 0:21:07]}  h5 {[%clk 0:04:23]} 34. h4 {[%clk 0:16:47]}  Rb3+ {[%clk 0:02:07]} 35. Kd2 {[%clk 0:13:20]}  Rb2+ {[%clk 0:01:06]} 36. Kc3 {[%clk 0:10:34]}  Rb4 {[%clk 0:01:18]} 37. Nc4 {[%clk 0:04:48]}  b5 {[%clk 0:01:24]} 38. Ne5 {[%clk 0:04:45]}  Rxh4 {[%clk 0:00:45]} 39. Rxg6 {[%clk 0:03:18]}  Rh2 {[%clk 0:01:00]} 40. Rg5 {[%clk 0:01:02]}  f6 {[%clk 0:00:44]} 41. Nd7+ {[%clk 0:21:43]}  Kf7 {[%clk 0:30:53]} 42. Rxc5 {[%clk 0:22:08]}  Rxg2 {[%clk 0:30:42]} 43. Kd3 {[%clk 0:22:09]}  Rg5 {[%clk 0:20:30]} 44. Rc7 {[%clk 0:22:34]}  h4 {[%clk 0:17:52]} 45. Ne5+ {[%clk 0:16:27]}  Ke6 {[%clk 0:18:12]} 46. Ng4 {[%clk 0:16:52]}  f5 {[%clk 0:17:15]} 47. Ne3 {[%clk 0:14:15]}  h3 {[%clk 0:13:13]} 48. Rh7 {[%clk 0:13:55]}  Rg3 {[%clk 0:13:20]} 49. Rh6+ {[%clk 0:11:36]}  Ke5 {[%clk 0:08:08]} 50. Ke2 {[%clk 0:12:03]}  b4 {[%clk 0:05:48]} 51. Kf2 {[%clk 0:09:15]}  f4 {[%clk 0:06:14]} 52. Rh5+ {[%clk 0:09:41]}  Ke6 {[%clk 0:06:31]} 53. Nd5 {[%clk 0:10:03]}  Rg2+ {[%clk 0:06:35]} 54. Kf1 {[%clk 0:10:28]}  b3 {[%clk 0:05:37]} 55. Nxf4+ {[%clk 0:10:41]}  Kf6 {[%clk 0:04:20]} 56. Nxg2 {[%clk 0:05:01]}  b2 {[%clk 0:04:46]} 57. Rb5 {[%clk 0:03:01]}  h2 {[%clk 0:05:14]} 58. Rxb2 {[%clk 0:03:26]}  h1=Q+ {[%clk 0:05:39]} 59. Kf2 {[%clk 0:03:54]}  Qc1 {[%clk 0:05:53]} 60. Re2 {[%clk 0:04:17]}  Qc5+ {[%clk 0:06:07]} 61. Kg3 {[%clk 0:03:10]}  Qg5+ {[%clk 0:06:29]} 62. Kf2 {[%clk 0:03:28]}  Qc5+ {[%clk 0:06:56]} 63. Re3 {[%clk 0:03:37]}  Qc2+ {[%clk 0:06:42]} 64. Re2 {[%clk 0:03:32]} 1/2-1/2

[Event "45th FIDE Chess Olympiad Open"]
[Site "Budapest, Hungary"]
[Date "2024.09.22"]
[Round "11"]
[White "Paichadze, Luka"]
[Black "Bartel, Mateusz"]
[Result "1/2-1/2"]
[Board "31"]
[WhiteFideId "13602934"]
[BlackFideId "1112635"]
[WhiteTitle "GM"]
[BlackTitle "GM"]
[WhiteElo "2516"]
[BlackElo "2618"]
[WhiteTeam "Georgia"]
[BlackTeam "Poland"]
[WhiteClock "0:02:19"]
[BlackClock "0:07:11"]
[Variant "Standard"]

1. e4 {[%clk 1:30:56]}  c6 {[%clk 1:30:56]} 2. d4 {[%clk 1:30:58]}  d5 {[%clk 1:31:22]} 3. e5 {[%clk 1:30:49]}  Bf5 {[%clk 1:31:44]} 4. h4 {[%clk 1:30:08]}  a6 {[%clk 1:32:04]} 5. c4 {[%clk 1:24:50]}  e6 {[%clk 1:27:00]} 6. Nc3 {[%clk 1:24:19]}  h6 {[%clk 1:27:22]} 7. Be3 {[%clk 1:10:42]}  dxc4 {[%clk 1:10:41]} 8. Bxc4 {[%clk 1:08:00]}  Nd7 {[%clk 1:08:04]} 9. Nge2 {[%clk 0:59:31]}  b5 {[%clk 1:08:25]} 10. Bb3 {[%clk 0:59:52]}  Bb4 {[%clk 1:06:46]} 11. Ng3 {[%clk 0:54:33]}  Ne7 {[%clk 1:07:06]} 12. O-O {[%clk 0:39:44]}  Bxc3 {[%clk 1:00:56]} 13. bxc3 {[%clk 0:40:12]}  Nb6 {[%clk 1:01:19]} 14. Bc1 {[%clk 0:34:50]}  Nbd5 {[%clk 0:54:40]} 15. Qf3 {[%clk 0:28:39]}  a5 {[%clk 0:50:00]} 16. c4 {[%clk 0:23:44]}  bxc4 {[%clk 0:44:21]} 17. Bxc4 {[%clk 0:24:13]}  O-O {[%clk 0:44:42]} 18. Bxd5 {[%clk 0:22:44]}  Nxd5 {[%clk 0:40:43]} 19. Nxf5 {[%clk 0:22:42]}  exf5 {[%clk 0:41:10]} 20. h5 {[%clk 0:21:04]}  Qd7 {[%clk 0:31:12]} 21. Ba3 {[%clk 0:20:23]}  Rfb8 {[%clk 0:30:10]} 22. Bd6 {[%clk 0:20:13]}  Rb2 {[%clk 0:30:01]} 23. Rfb1 {[%clk 0:18:59]}  Qb7 {[%clk 0:28:25]} 24. Rc1 {[%clk 0:14:31]}  Qd7 {[%clk 0:27:04]} 25. Qa3 {[%clk 0:12:35]}  Rd2 {[%clk 0:24:29]} 26. Rd1 {[%clk 0:10:39]}  Rxd1+ {[%clk 0:14:49]} 27. Rxd1 {[%clk 0:11:08]}  Qb7 {[%clk 0:15:16]} 28. Qd3 {[%clk 0:08:22]}  Qb5 {[%clk 0:15:42]} 29. Qxf5 {[%clk 0:06:52]}  Nc3 {[%clk 0:09:45]} 30. Rd2 {[%clk 0:06:57]}  Qd5 {[%clk 0:10:07]} 31. Qf3 {[%clk 0:04:31]}  Ne4 {[%clk 0:10:35]} 32. Re2 {[%clk 0:03:00]}  f5 {[%clk 0:10:29]} 33. Rc2 {[%clk 0:02:10]}  Kh8 {[%clk 0:04:05]} 34. Bc5 {[%clk 0:01:50]}  Qd7 {[%clk 0:03:56]} 35. Bd6 {[%clk 0:00:45]}  Ra7 {[%clk 0:03:12]} 36. Rb2 {[%clk 0:00:50]}  Ra8 {[%clk 0:02:43]} 37. Rb6 {[%clk 0:00:46]}  Re8 {[%clk 0:02:50]} 38. Qa3 {[%clk 0:00:39]}  f4 {[%clk 0:02:22]} 39. Qh3 {[%clk 0:00:36]}  Qf7 {[%clk 0:02:09]} 40. Rxc6 {[%clk 0:00:42]}  Qxa2 {[%clk 0:00:53]} 41. Qf3 {[%clk 0:22:04]}  Qa1+ {[%clk 0:28:45]} 42. Kh2 {[%clk 0:21:41]}  Qxd4 {[%clk 0:29:06]} 43. Qxf4 {[%clk 0:18:31]}  Qd5 {[%clk 0:29:22]} 44. Rb6 {[%clk 0:13:30]}  Nxd6 {[%clk 0:25:57]} 45. exd6 {[%clk 0:13:08]}  Qxh5+ {[%clk 0:21:24]} 46. Kg3 {[%clk 0:13:33]}  Qd5 {[%clk 0:19:39]} 47. f3 {[%clk 0:09:23]}  Kg8 {[%clk 0:12:18]} 48. Rb2 {[%clk 0:07:22]}  Rd8 {[%clk 0:08:55]} 49. Rd2 {[%clk 0:07:42]}  Qe6 {[%clk 0:09:22]} 50. Qd4 {[%clk 0:07:04]}  a4 {[%clk 0:09:14]} 51. Kf2 {[%clk 0:02:07]}  a3 {[%clk 0:08:45]} 52. Qd5 {[%clk 0:01:09]}  Qxd5 {[%clk 0:06:44]} 53. Rxd5 {[%clk 0:01:37]}  Kf7 {[%clk 0:06:47]} 54. Ra5 {[%clk 0:01:52]}  Rxd6 {[%clk 0:07:11]} 55. Rxa3 {[%clk 0:02:19]} 1/2-1/2

[Event "45th FIDE Chess Olympiad Open"]
[Site "Budapest, Hungary"]
[Date "2024.09.22"]
[Round "11"]
[White "Gumularz, Szymon"]
[Black "Jobava, Baadur"]
[Result "0-1"]
[Board "32"]
[WhiteFideId "1188062"]
[BlackFideId "13601520"]
[WhiteTitle "GM"]
[BlackTitle "GM"]
[WhiteElo "2571"]
[BlackElo "2582"]
[WhiteTeam "Poland"]
[BlackTeam "Georgia"]
[WhiteClock "0:03:42"]
[BlackClock "0:06:23"]
[Variant "Standard"]

1. d4 {[%clk 1:30:56]}  d5 {[%clk 1:30:43]} 2. c4 {[%clk 1:31:19]}  c6 {[%clk 1:31:06]} 3. Nf3 {[%clk 1:31:36]}  Nf6 {[%clk 1:31:30]} 4. Nc3 {[%clk 1:31:55]}  dxc4 {[%clk 1:31:53]} 5. a4 {[%clk 1:32:19]}  Bf5 {[%clk 1:32:15]} 6. e3 {[%clk 1:31:26]}  e6 {[%clk 1:32:37]} 7. Bxc4 {[%clk 1:31:51]}  Bb4 {[%clk 1:32:13]} 8. O-O {[%clk 1:32:10]}  h6 {[%clk 1:31:40]} 9. Qe2 {[%clk 1:30:30]}  O-O {[%clk 1:31:49]} 10. e4 {[%clk 1:30:25]}  Bh7 {[%clk 1:31:51]} 11. Bd3 {[%clk 1:27:53]}  c5 {[%clk 1:32:04]} 12. Rd1 {[%clk 1:25:37]}  Nc6 {[%clk 1:30:56]} 13. e5 {[%clk 1:11:37]}  Bxd3 {[%clk 1:30:28]} 14. Rxd3 {[%clk 1:12:00]}  c4 {[%clk 1:26:51]} 15. Rd1 {[%clk 1:01:04]}  Nd5 {[%clk 1:26:51]} 16. Bd2 {[%clk 0:58:36]}  Bxc3 {[%clk 1:22:22]} 17. Bxc3 {[%clk 0:58:38]}  Rc8 {[%clk 1:19:51]} 18. Nd2 {[%clk 0:58:37]}  Nce7 {[%clk 1:07:52]} 19. Nxc4 {[%clk 0:48:51]}  Nf5 {[%clk 0:57:42]} 20. g3 {[%clk 0:39:56]}  Qc7 {[%clk 0:51:22]} 21. Na3 {[%clk 0:39:39]}  Qd7 {[%clk 0:39:59]} 22. Nb1 {[%clk 0:36:05]}  Rc6 {[%clk 0:37:35]} 23. Ra3 {[%clk 0:33:59]}  Rfc8 {[%clk 0:37:19]} 24. Rd3 {[%clk 0:33:45]}  Rc4 {[%clk 0:31:08]} 25. Qd1 {[%clk 0:31:35]}  Nb4 {[%clk 0:30:36]} 26. Rd2 {[%clk 0:31:48]}  a5 {[%clk 0:30:58]} 27. Ra1 {[%clk 0:30:17]}  Nd5 {[%clk 0:29:57]} 28. Rd3 {[%clk 0:28:58]}  b6 {[%clk 0:29:22]} 29. Ra3 {[%clk 0:23:19]}  Nb4 {[%clk 0:28:50]} 30. Rd2 {[%clk 0:23:44]}  R8c7 {[%clk 0:15:59]} 31. Ra1 {[%clk 0:22:09]}  Nd5 {[%clk 0:16:23]} 32. Rd3 {[%clk 0:21:57]}  Qc6 {[%clk 0:13:00]} 33. Na3 {[%clk 0:17:06]}  Rxa4 {[%clk 0:09:09]} 34. Be1 {[%clk 0:17:27]}  b5 {[%clk 0:04:56]} 35. b3 {[%clk 0:16:39]}  Rb4 {[%clk 0:05:19]} 36. Bxb4 {[%clk 0:12:40]}  axb4 {[%clk 0:02:23]} 37. Nb1 {[%clk 0:13:04]}  Nc3 {[%clk 0:01:53]} 38. Qe1 {[%clk 0:05:10]}  Qd5 {[%clk 0:01:41]} 39. Nxc3 {[%clk 0:01:10]}  bxc3 {[%clk 0:02:07]} 40. Rxc3 {[%clk 0:01:04]}  Nxd4 {[%clk 0:02:00]} 41. Rac1 {[%clk 0:25:38]}  b4 {[%clk 0:24:29]} 42. Re3 {[%clk 0:24:55]}  Nf3+ {[%clk 0:24:32]} 43. Rxf3 {[%clk 0:25:21]}  Rxc1 {[%clk 0:24:58]} 44. Qxc1 {[%clk 0:25:46]}  Qxf3 {[%clk 0:25:26]} 45. Qe3 {[%clk 0:15:50]}  Qd1+ {[%clk 0:14:45]} 46. Kg2 {[%clk 0:16:17]}  Qd5+ {[%clk 0:14:48]} 47. f3 {[%clk 0:12:46]}  h5 {[%clk 0:14:36]} 48. h4 {[%clk 0:06:14]}  Qd1 {[%clk 0:13:59]} 49. Kf2 {[%clk 0:06:13]}  Qc2+ {[%clk 0:10:28]} 50. Ke1 {[%clk 0:06:38]}  Qb2 {[%clk 0:08:29]} 51. Kd1 {[%clk 0:06:40]}  Qg2 {[%clk 0:07:48]} 52. Qf4 {[%clk 0:05:56]}  Qf2 {[%clk 0:07:54]} 53. Qxb4 {[%clk 0:01:08]}  Qxf3+ {[%clk 0:07:29]} 54. Kc1 {[%clk 0:00:45]}  Qxg3 {[%clk 0:07:20]} 55. Qb8+ {[%clk 0:01:01]}  Kh7 {[%clk 0:07:46]} 56. b4 {[%clk 0:01:28]}  g5 {[%clk 0:06:53]} 57. hxg5 {[%clk 0:01:34]}  h4 {[%clk 0:07:17]} 58. Kc2 {[%clk 0:01:18]}  Qxg5 {[%clk 0:05:15]} 59. Qc7 {[%clk 0:00:34]}  Qg2+ {[%clk 0:04:13]} 60. Kb3 {[%clk 0:00:56]}  Qf3+ {[%clk 0:03:28]} 61. Ka4 {[%clk 0:01:22]}  h3 {[%clk 0:03:43]} 62. Qd8 {[%clk 0:01:12]}  Qh5 {[%clk 0:03:28]} 63. Qd3+ {[%clk 0:01:33]}  Kh8 {[%clk 0:03:49]} 64. Qd8+ {[%clk 0:00:41]}  Kg7 {[%clk 0:04:14]} 65. Qf6+ {[%clk 0:01:07]}  Kh7 {[%clk 0:04:40]} 66. Qf1 {[%clk 0:01:32]}  h2 {[%clk 0:05:05]} 67. Qh1 {[%clk 0:02:00]}  Qxe5 {[%clk 0:05:18]} 68. b5 {[%clk 0:02:21]}  Qd4+ {[%clk 0:05:31]} 69. Ka5 {[%clk 0:02:48]}  Qa7+ {[%clk 0:05:56]} 70. Kb4 {[%clk 0:03:16]}  Qg1 {[%clk 0:06:03]} 71. Qe4+ {[%clk 0:03:42]}  Kg8 {[%clk 0:06:23]} 0-1